| 000 | 01069pam a2200301 a 4500 | ||
|---|---|---|---|
| 999 |
_c17666 _d17638 |
||
| 001 | 012880311 | ||
| 003 | EG-ScBUE | ||
| 005 | 20210121121150.0 | ||
| 008 | 040311s2007 nyu f 000 1 eng d | ||
| 020 | _a9780553263220 | ||
| 040 |
_aEG-ScBUE _beng _erda _cEG-ScBUE _dEG-ScBUE |
||
| 082 | 0 | 4 |
_a813.54 _bLUS _222 |
| 100 | 1 |
_aLustbader, Eric, _eauthor. _934161 |
|
| 245 | 1 | 0 |
_aRobert Ludlum's Jason Bourne in the Bourne legacy / _c a novel / _b[created by Robert Ludlum ; written by Eric Van Lustbader] |
| 246 | 3 | 0 | _aBourne legacy |
| 264 | 1 |
_aNew York : _bBantam Dell, _c2007. |
|
| 300 |
_a529 pages ; _c24 cm. |
||
| 336 |
_2rdacontent _atext _btxt |
||
| 337 |
_2rdamedia _aunmediated _bn |
||
| 338 |
_2rdacarrier _avolume _bnc |
||
| 490 | 0 |
_aJason Bourne ; _v4 |
|
| 650 | 7 |
_aBourne, Jason (Fictitious character) _vFiction. _2BUEsh _934157 |
|
| 653 |
_cOctober2013 _dBestSellers _bHHUUEENN |
||
| 655 | 7 |
_aSuspense fiction. _2gsafd _vReading book |
|
| 655 | 7 |
_aSpy stories. _vReading book _934153 |
|
| 700 | 1 |
_aLudlum, Robert, _d1927-2001, _ecreator. _934163 |
|
| 942 |
_2ddc _cBB |
||